Oxford learner's pocket dictionary / (Record no. 9724)
[ view plain ]
| 000 -LEADER | |
|---|---|
| fixed length control field | 00870nam a2200289 a 4500 |
| 001 - CONTROL NUMBER | |
| JCCL Control Number | 9724 |
| 003 - CONTROL NUMBER IDENTIFIER | |
| JCCL marc code | BD - JhCC |
| 005 - DATE AND TIME OF LATEST TRANSACTION | |
| control field | 20180327102913.0 |
| 008 - FIXED-LENGTH DATA ELEMENTS--GENERAL INFORMATION | |
| fixed length control field | 180324s1991 enk d 000 0 eng d |
| 020 ## - INTERNATIONAL STANDARD BOOK NUMBER | |
| International Standard Book Number | 0194312828 |
| 035 ## - SYSTEM CONTROL NUMBER | |
| system control number | BNB issue 2164 |
| -- | (BD-JhCC)9724 |
| 040 ## - CATALOGING SOURCE | |
| Original cataloging agency | BD-JhCC |
| Modifying agency | (BD-JhCC) |
| 041 ## - LANGUAGE CODE | |
| Language code of Book | eng |
| 082 ## - DEWEY DECIMAL CLASSIFICATION NUMBER | |
| Classification number | 423 |
| DDC Edition number | 20 |
| Author mark and Year | OXF 1991 |
| 245 00 - TITLE STATEMENT | |
| Title | Oxford learner's pocket dictionary / |
| Statement of responsibility, etc | Martin H. Manser, Fergus McGauran, |
| 250 ## - EDITION STATEMENT | |
| Edition statement | New ed. |
| 260 ## - PUBLICATION, DISTRIBUTION, ETC. (IMPRINT) | |
| Place of publication, distribution, etc | Oxford : |
| Name of publisher, distributor, etc | Oxford University Press, |
| Date of publication, distribution, etc | 1991. |
| 300 ## - PHYSICAL DESCRIPTION | |
| Pagination | vi, 490 p ; |
| Dimensions | 15 cm |
| 500 ## - GENERAL NOTE | |
| General note | Text on inside covers |
| 500 ## - GENERAL NOTE | |
| General note | Previous ed.: published as Oxford keys English dictionary. 1983 |
| 650 #0 - SUBJECT ADDED ENTRY--TOPICAL TERM | |
| Topical term or geographic name as entry element | English language |
| Form subdivision | Dictionaries |
| 700 1# - ADDED ENTRY--PERSONAL NAME | |
| Personal name | Manser, Martin H. |
| 700 1# - ADDED ENTRY--PERSONAL NAME | |
| Personal name | McGauran, Fergus. |
| 740 0# - | |
| Uncontrolled related/analytical title | Oxford keys English dictionary |
| 942 ## - ADDED ENTRY ELEMENTS (KOHA) | |
| Source of classification or shelving scheme | Dewey Decimal Classification |
| Koha item type | Books |
| Source of classification or shelving scheme | Damaged status | Not for loan | Home library | Current library | Shelving location | Total Checkouts | Full call number | Barcode | Date last seen | Copy number | Koha item type |
|---|---|---|---|---|---|---|---|---|---|---|---|
| Dewey Decimal Classification | JCC Rouf Library | JCC Rouf Library | General Stacks | 423 OXF 1991 | 12806 | 03/24/2018 | C - 1 | Books |